000 00568nam a2200169 4500
008 180119b xxu||||| |||| 00| 0 eng d
020 _a0-395-15176-7
082 _21974
_aDC 306
_bW43
100 _925707
_aWeitzman, David
245 _aThe human experience:
_bworld culture studies/
_cDavid Weitzman and Richard E. Gross.
260 _aBoston:
_bHoughton Mifflin Company,
_c©1974.
300 _a608 pages:
_bcolor illustration;
_c26 cm.
500 _aIncludes index.
650 0 _925708
_aScience and civilization
700 _925709
_aWeitzman, David
942 _2ddc
_cDC
999 _c8312
_d8312